LEADER 02283nam0 2200457 i 450 001 IEI0069977 005 20251003044157.0 020 $aIT$b632594 100 $a19930331d1962 ||||0itac50 ba 101 | $aita 102 $ait 181 1$6z01$ai $bxxxe 182 1$6z01$an 200 1 $aˆLa ‰finanza pubblica italiana nel secolo 1861-1960$fFrancesco A. Répaci 210 $aBologna$cZanichelli$ds. 1962 215 $aXLI, 502 p., \1! c. di tav.$critr.$d27 cm 606 $aItalia$xFinanza$x1861-1960$2FIR$3SBLC021598$9I 676 $a336.45$9FINANZA PUBBLICA. ITALIA$v19 676 $a336.45$9FINANZA PUBBLICA IN ITALIA$v20 676 $a336.45$9FINANZA PUBBLICA. Italia$v23 686 $aIT/X345.0$cINDICE ERRATO$2R 686 $aSe.i.7.0$cStoria dell'economia italiana. Lo sviluppo del capitalismo (1860-1914)$2F 686 $aSe.i.7.4.19$cStoria dell'economia italiana. 1860-1914. Il debito pubblico$2F 686 $aSe.i.7.4.23$cStoria dell'economia italiana. 1860-1914. I conti economici del Regno d'Italia fino al 1914$2F 696 $aAttività finanziarie$aIndustria finanziaria$aEconomia finanziaria 699 $aFinanza$zAttività finanziarie 699 $aFinanza$yIndustria finanziaria 699 $aFinanza$yEconomia finanziaria 700 1$aRèpaci$b, Francesco A.$3IEIV015489$4070$0411895 790 1$aRèpaci$b, F. A.$3SBNV003233$zRèpaci, Francesco A. 790 1$aRèpaci$b, Francesco Antonio$3SBNV003234$zRèpaci, Francesco A. 801 3$aIT$bIT-000000$c19930331 850 $aIT-BN0095 $aIT-SA0060 $aIT-NA0230 $aIT-NA0095 901 $bNAP SB$cSAB-CAM $n$ 901 $bNAP 01$cPOZZO LIB.$nVi sono collocati fondi di economia, periodici di ingegneria e scienze, periodici di economia e statistica e altri fondi comprendenti documenti di economia pervenuti in dono. 901 $bNAP 27$cSALA $n$ 912 $aIEI0069977 950 0$aBiblioteca Centralizzata di Ateneo$b1 v.$c1 v.$d 01POZZO LIB.F. PARRAVICINI 15$e 0101 0600159375E VMA 1 v. (Precedente collocazione P 82)$fB $h20220718$i20220718 977 $a 01$a 27$a IR$a SB 996 $aFinanza pubblica italiana nel secolo 1861-1960$9218687 997 $aUNISANNIO